| 000 | 00703cab a2200217 4500 | ||
|---|---|---|---|
| 001 | WB2521-06 | ||
| 008 | 090401t1989 xxu||||| |||| 00| 0 eng d | ||
| 035 | _a(Sirsi) u47261 | ||
| 041 | _aeng | ||
| 245 | _aCost control system launched | ||
| 260 | _c1989 | ||
| 350 | _a0 | ||
| 490 |
_aContract Journal _vVol 349 No 5719 25/5/89 p4 |
||
| 520 | _aQuantity Surveyors , Gleeds have launched a new system of cost control for buildings which they claim will allow quantity surveyors to play a more active role in construction processes. | ||
| 650 | _aBCIS | ||
| 650 | _aBUILT ENVIRONMENT-BUILDING COSTS | ||
| 650 | _aCOST DATA | ||
| 690 | _aBUILT ENVIRONMENT | ||
| 942 | _n0 | ||
| 948 | _c04/03/1997 | ||
| 999 |
_c29810 _d29810 |
||